Catalonia (Record no. 1692)

000 -LEADER
fixed length control field 00555nam a22002057a 4500
005 - DATE AND TIME OF LATEST TRANSACTION
control field 20210421080600.0
008 - FIXED-LENGTH DATA ELEMENTS--GENERAL INFORMATION
fixed length control field 210224s2010 ||||| |||| 00| 0 eng d
020 ## - INTERNATIONAL STANDARD BOOK NUMBER
International Standard Book Number 9788484783107
040 ## - CATALOGING SOURCE
Original cataloging agency eng
Transcribing agency DLC
041 ## - LANGUAGE CODE
Language code of text/sound track or separate title eng
Language code of original spa
080 ## - UNIVERSAL DECIMAL CLASSIFICATION NUMBER
Universal Decimal Classification number 008
Item number R-73
100 ## - MAIN ENTRY--PERSONAL NAME
9 (RLIN) 1103
Personal name Roic, Sebastia
245 ## - TITLE STATEMENT
Title Catalonia
Statement of responsibility, etc. / by: Triangle Postals
260 ## - PUBLICATION, DISTRIBUTION, ETC.
Place of publication, distribution, etc. Sant Lluis, Menorca
Name of publisher, distributor, etc. Triangle Postals
Date of publication, distribution, etc. 2010
300 ## - PHYSICAL DESCRIPTION
Extent 432 p.
Other physical details ill.
650 #0 - SUBJECT ADDED ENTRY--TOPICAL TERM
9 (RLIN) 493
Topical term or geographic name entry element Culture
653 ## - INDEX TERM--UNCONTROLLED
Uncontrolled term კულტურა
700 ## - ADDED ENTRY--PERSONAL NAME
9 (RLIN) 1104
Personal name Cedar, Steve
Relator term Translator
942 ## - ADDED ENTRY ELEMENTS (KOHA)
Source of classification or shelving scheme
Koha item type Books
Holdings
Withdrawn status Lost status Source of classification or shelving scheme Damaged status Not for loan Permanent location Current location Date acquired Inventory number Total Checkouts Full call number Barcode Date last seen Price effective from Koha item type
          Ken Walker International University Ken Walker International University 02/24/2021 1411   008 R-73 1411 02/24/2021 02/24/2021 Books

Powered by Koha